गुरुमंत्र / (Record no. 116533)

MARC details
000 -LEADER
fixed length control field 00972nam a22002537a 4500
005 - DATE AND TIME OF LATEST TRANSACTION
control field 20170124103040.0
010 ## - LIBRARY OF CONGRESS CONTROL NUMBER
LC control number A-402913
020 ## - INTERNATIONAL STANDARD BOOK NUMBER
Terms of availability 30.00
035 ## - SYSTEM CONTROL NUMBER
System control number A-402913
037 ## - SOURCE OF ACQUISITION
Source of stock number/acquisition Cen Lib/Ret
040 ## - CATALOGING SOURCE
Original cataloging agency DPL
Language of cataloging HN
082 ## - DEWEY DECIMAL CLASSIFICATION NUMBER
Classification number
Item number इन्द्रस्व
100 ## - MAIN ENTRY--PERSONAL NAME
Personal name इन्द्र स्वप्न
9 (RLIN) 67022
245 ## - TITLE STATEMENT
Title गुरुमंत्र /
Statement of responsibility, etc इन्द्र स्वप्न
246 ## - VARYING FORM OF TITLE
Title proper/short title Gurumantra /
Remainder of title by Indra Swapan
260 ## - PUBLICATION, DISTRIBUTION, ETC. (IMPRINT)
Place of publication, distribution, etc नयी दिल्ली
Name of publisher, distributor, etc प्रज्ञा प्रकाशन मंच
Date of publication, distribution, etc 1989
270 ## - ADDRESS
Address सी-54, शिवाजी पार्क
City नयी दिल्ली
Postal code 110026
300 ## - PHYSICAL DESCRIPTION
Extent 100पृ.
Dimensions 21सेमी (सजिल्द)
650 ## - SUBJECT ADDED ENTRY--TOPICAL TERM
Topical term or geographic name as entry element हिन्दी साहित्य
9 (RLIN) 67023
650 ## - SUBJECT ADDED ENTRY--TOPICAL TERM
Topical term or geographic name as entry element उपन्यास
9 (RLIN) 67024
650 ## - SUBJECT ADDED ENTRY--TOPICAL TERM
Topical term or geographic name as entry element Hindi literature
9 (RLIN) 67025
650 ## - SUBJECT ADDED ENTRY--TOPICAL TERM
Topical term or geographic name as entry element Fiction
9 (RLIN) 8901
942 ## - ADDED ENTRY ELEMENTS (KOHA)
Source of classification or shelving scheme Dewey Decimal Classification
Koha item type Hindi Books
Classification part
Call number suffix इन्द्रस्व
Holdings
Withdrawn status Lost status Damaged status Not for loan Home library Current library Date acquired Source of acquisition Cost, normal purchase price Total Checkouts Full call number Barcode Date last seen Copy number Cost, replacement price Price effective from Koha item type Public note Source of classification or shelving scheme Date checked out
Written off       Central Library Central Library 24/08/2015 Cen Lib/Ret 30.00   उ इन्द्रस्व A-402913 24/08/2015 1 30.00 24/08/2015 Hindi Books Written off on approval by DLB (By Circulation); dtd 20.12.2022    
Written off       Central Library Central Library 31/10/2016   30.00 2 उ इन्द्रस्व A-402921 22/04/2019 2 30.00 31/10/2016 Hindi Books Written off on approval by DLB (By Circulation); dtd 20.12.2022 Dewey Decimal Classification 08/04/2019

© Delhi Public Library
Hit Counter
free hit counter